Quick Change Over in Post Assembly Operation of Inline Pumps [electronic resource: Project Report] (Record no. 258393)
[ view plain ]
| 000 -LEADER | |
|---|---|
| fixed length control field | 00605nam a2200157Ia 4500 |
| 008 - FIXED-LENGTH DATA ELEMENTS--GENERAL INFORMATION | |
| fixed length control field | 240126s9999 xx 000 0 und d |
| 041 ## - LANGUAGE CODE | |
| Language code of text/sound track or separate title | English |
| 082 ## - DEWEY DECIMAL CLASSIFICATION NUMBER | |
| Classification number | PRME08-1275 |
| 100 ## - MAIN ENTRY--PERSONAL NAME | |
| Personal name | Alex Cherian, Ramgopal, S. Rohith P K Ranjan. Sharan, Viswanath. |
| 245 #0 - TITLE STATEMENT | |
| Title | Quick Change Over in Post Assembly Operation of Inline Pumps [electronic resource: Project Report] |
| Remainder of title | Sridhar, K S Prof. |
| 260 ## - PUBLICATION, DISTRIBUTION, ETC. | |
| Name of publisher, distributor, etc. | PESIT, Dept. of ME, |
| Place of publication, distribution, etc. | Bangalore |
| 440 ## - SERIES STATEMENT/ADDED ENTRY--TITLE | |
| Title | NULL |
| 650 ## - SUBJECT ADDED ENTRY--TOPICAL TERM | |
| Topical term or geographic name entry element | Mechanical Engineering |
| 650 ## - SUBJECT ADDED ENTRY--TOPICAL TERM | |
| Topical term or geographic name entry element | Quick,Over,Inline,Pumps,[electronic,resource:,Project,Report],Mechanical Engineering |
| 942 ## - ADDED ENTRY ELEMENTS (KOHA) | |
| Koha item type | Project Reports |
| Date last seen | Total checkouts | Full call number | Accession number | Volume/Issue Number | Price effective from | Category | Lost status | Damaged status | Department | Withdrawn status | Home library | Current library | Shelving location | Entry date | Billdate | Currency symbol | Conversion rate | Discount | Old discount |
|---|---|---|---|---|---|---|---|---|---|---|---|---|---|---|---|---|---|---|---|
| 26/01/2024 | PRME08-1275 | PR1275 | (30/06/1905) | 26/01/2024 | Project Reports | ME | Central Library | Central Library | Central Library | 13/10/2011 | RS | 1 |
